| 000 | 00978nam a2200241 a 4500 | ||
|---|---|---|---|
| 001 | 000019544 | ||
| 005 | 20200929170043.0 | ||
| 008 | 090901s1998 dr 000 0 spa d | ||
| 020 | _a84955119005 | ||
| 040 |
_aDO-SdBNP _bspa _cBNPHU |
||
| 082 |
_a362.21097293 _bU76el |
||
| 100 | 1 |
_aUribe Peguero, Alejandro _911152 |
|
| 245 | 1 | 3 |
_aEl veintiocho y sus cruces / _cAlejandro Uribe Peguero ; prólogo Fernando Sánchez Martínez. |
| 246 | 1 | 2 | _aEl 28 y sus cruces |
| 260 |
_aSanto Domingo : _bOK digital, _c1998. |
||
| 300 |
_a230 p. ; _c21 cm. |
||
| 590 | _aInventariado, 2018/ YL | ||
| 650 | 4 |
_aPsiquiatría _xCasos, historias clínicas, estadísticas _zRepública Dominicana _918283 |
|
| 650 | 4 |
_aPacientes de hospitales psiquiátricos _xAnécdotas, chistes, sátiras, etc. _918284 |
|
| 650 | 4 |
_aEnfermos mentales _xAnécdotas, chistes, sátiras, etc. _zRepública Dominicana _918285 |
|
| 700 | 1 |
_aSánchez Martínez, Fernando, _epról. _97183 |
|
| 910 | _aInventariado, 2018/MFF | ||
| 999 |
_c19060 _d19060 |
||